000 00599nam a22002057a 4500
999 _c2736
_d2736
003 AR-CdUCM
008 190305b ||||| |||| 00| 0 spa d
040 _aMUNICIPALIDAD PROVINCIAL DEL CUSCO
_cBIBLIOTECA MUNICIPAL DEL CUSCO
082 _a869.26 /
_bON52
100 _aOnetti, Jorge
_99569
245 _aCualquiercosario /
260 _aLa Habana :
_bCasa de las Américas,
_c1965.
300 _a101 páginas ;
_c19 cm.
440 _aColección premio
_99570
650 _aCuentos Argentinos
_92794
650 _aSiglo XX
_98
650 _aLiteratura
_983
942 _2ddc
_cLIBROS
945 _admma